ბათუმის შოთა რუსთაველის სახელმწიფო უნივერსიტეტის ბიბლიოთეკა

ჰიდრავლიკა, ჰიდრავლიკური მანქანები და ჰიდროამძრავების საფუძვლები : სახელმძღვ. / (ბიბ.ჩანაწერი № 38364)

000 -ლიდერი
ფიქსირებული სიგრძის საკონტროლო ველი 01038nam a2200217Ia 4500
001 - საკონტროლო ნომერი
საკონტროლო ველი 4374
003 - საკონტროლო ნომრის იდენტიფიკატორი
საკონტროლო ველი GE_BSU
005 - ბოლო ოპერაციის თარიღი და დრო
საკონტროლო ველი 20190516200520.0
008 - ფიქსირებული სიგრძის მონაცემთა ელემენტები - ზოგადი ინფორმაცია
ფიქსირებული სიგრძის საკონტროლო ველი 181216s1982|||| |||||||||||||| ||geo||
040 ## - კატალოგიზაციის წყარო
Transcribing agency GE_BSU
041 ## - ენის კოდი
Language code of text/sound track or separate title geo
080 ## - უნივერსალური ათობითი კლასიფიკაციის ინდექსი
Universal Decimal Classification number 532+ 621.22(072) ა–55
100 ## - მთავარი ჩანაწერი - პიროვნების სახელი
Personal name ამაღლობელი,ი.
9 (RLIN) 1276
245 ## - ცნობა სათაურის შესახებ
Title ჰიდრავლიკა, ჰიდრავლიკური მანქანები და ჰიდროამძრავების საფუძვლები : სახელმძღვ. /
Statement of responsibility, etc ი. ამაღლობელი ; რედ : ო. თვალავაძე .
264 ## - წარმოების, გამოცემის, დისტრიბუციის და სხვა ცნობები
გამოცემის, წარმოების, დისტრიბუციის... ადგილი თბილისი .:
გამოცემის, წარმოების, დისტრიბუციის... სახელწოდება განათლება,
გამოცემის, წარმოების, დისტრიბუციის... თარიღი 1982.
300 ## - ფიზიკური აღწერა
Extent 415 გვ .:
Dimensions 21 სმ.
653 ## - INDEX TERM--UNCONTROLLED
Uncontrolled term ჰიდრავლიკა
653 ## - INDEX TERM--UNCONTROLLED
Uncontrolled term ჰიდრავლიკური მანქანები; ჰიდროამძრავები
700 ## - ADDED ENTRY--PERSONAL NAME
Personal name თვალავაძე, ი
Relator term რედაქტორი
9 (RLIN) 1277
942 ## - ADDED ENTRY ELEMENTS (KOHA)
Koha item type წიგნი
Source of classification or shelving scheme
ეგზემპლარები
ჩამოწერის სტატუსი დაკარგული ეგზემპლარის სტატუსი კლასიფიკაციის წყარო ან თაროზე გაწყობის სქემა დაზიანების სტატუსი არ გაიცემა მუდმივი მდებარეობა (დაცვის ადგილი) ამჟამინდელი ადგილსამყოფელი თაროზე განთავსების ადგილი შეძენის თარიღი ღირებულება, შესყიდვის ნორმალური ფასი სრული შენახვის შიფრი შტრიხკოდი ბოლო ოპერაციის თარიღი ეგზემპლარის მიმდევრობითი ნომერი (კეტერი?) ფასის ძალაში შესვლის თარიღი ეგზემპლარის სახეობა საჯარო შენიშვნა
          ტექნოლოგიური ფაკულტეტის ბიბლიოთეკა ტექნოლოგიური ფაკულტეტის ბიბლიოთეკა წიგნსაცავი 2018-12-17 1.00 532+ 621.22(072) ა–55 8645 2018-12-17 8645 2018-12-17 წიგნი 1 ლ. 80თ.
          ტექნოლოგიური ფაკულტეტის ბიბლიოთეკა ტექნოლოგიური ფაკულტეტის ბიბლიოთეკა წიგნსაცავი 2018-12-17 1.00 532+ 621.22(072) ა–55 8646 2018-12-17 8646 2018-12-17 წიგნი 1 ლ. 80თ.
          ტექნოლოგიური ფაკულტეტის ბიბლიოთეკა ტექნოლოგიური ფაკულტეტის ბიბლიოთეკა წიგნსაცავი 2018-12-17 1.00 532+ 621.22(072) ა–55 8647 2018-12-17 8647 2018-12-17 წიგნი 1.ლ. 80თ.